Careful What You Wish For - Bad Omens - Statistics

General Stats
  • This quiz has been taken 7 times
    6 since last reset
  • The average score is 274 of 370
Answer Stats
☼︎ % Correct
a
100%
all
100%
careful
100%
carried
100%
cause
100%
do
100%
don't
100%
Don't
100%
far
100%
for
100%
guilt
100%
I
100%
know
100%
my
100%
on
100%
own
100%
the
100%
The
100%
this
100%
what
100%
wish
100%
you
100%
Be
75%
be
75%
dust
75%
enough
75%
give
75%
go)
75%
go
75%
had
75%
it
75%
It's
75%
it's
75%
let
75%
no
75%
not
75%
not)
75%
or
75%
settle
75%
'til
75%
to
75%
up
75%
wait
75%
world
75%
you've
75%
And
50%
beautiful
50%
better
50%
both
50%
death
50%
feel
50%
find
50%
hang
50%
happy
50%
head,
50%
If
50%
if
50%
(If
50%
I'll
50%
in
50%
instead
50%
is
50%
knot
50%
knot)
50%
left
50%
madness
50%
memory
50%
need
50%
nothing
50%
nothing's
50%
of
50%
one
50%
Only
50%
only
50%
place
50%
remember
50%
sadness
50%
said
50%
shoulder's
50%
(So
50%
so
50%
So
50%
than
50%
that
50%
thing
50%
us
50%
wanna
50%
Well
50%
when
50%
You'd
50%
(You'd
50%
your
50%
alive
25%
else
25%
forgot
25%
giving
25%
I'm
25%
rather
25%
silence
25%
No matching quizzes found
Score Distribution
Percent of People with Each Score
Percentile by Number Answered
Your Score History
You have not taken this quiz since the last reset